<?xml version="1.0" encoding="UTF-8"?><?xml-stylesheet type="text/xsl" href="static/style.xsl"?><OAI-PMH xmlns="http://www.openarchives.org/OAI/2.0/" xmlns:xsi="http://www.w3.org/2001/XMLSchema-instance" xsi:schemaLocation="http://www.openarchives.org/OAI/2.0/ http://www.openarchives.org/OAI/2.0/OAI-PMH.xsd"><responseDate>2026-04-29T09:55:00Z</responseDate><request verb="GetRecord" identifier="oai:riubu.ubu.es:10259/8503" metadataPrefix="marc">https://riubu.ubu.es/oai/request</request><GetRecord><record><header><identifier>oai:riubu.ubu.es:10259/8503</identifier><datestamp>2024-01-27T01:05:32Z</datestamp><setSpec>com_10259_4665</setSpec><setSpec>com_10259_5086</setSpec><setSpec>com_10259_2604</setSpec><setSpec>col_10259_7680</setSpec></header><metadata><record xmlns="http://www.loc.gov/MARC21/slim" xmlns:doc="http://www.lyncode.com/xoai" xmlns:xsi="http://www.w3.org/2001/XMLSchema-instance" xmlns:dcterms="http://purl.org/dc/terms/" xsi:schemaLocation="http://www.loc.gov/MARC21/slim http://www.loc.gov/standards/marcxml/schema/MARC21slim.xsd">
<leader>00925njm 22002777a 4500</leader>
<datafield tag="042" ind1=" " ind2=" ">
<subfield code="a">dc</subfield>
</datafield>
<datafield tag="720" ind1=" " ind2=" ">
<subfield code="a">San Martín Calvo, Marina</subfield>
<subfield code="e">author</subfield>
</datafield>
<datafield tag="260" ind1=" " ind2=" ">
<subfield code="c">2018-03</subfield>
</datafield>
<datafield tag="520" ind1=" " ind2=" ">
<subfield code="a">Los atentados contra los bienes culturales en el transcurso de conflictos armados, adquieren&#xd;
particular gravedad en aquellos casos en los que estos objetos tienen una especial relevancia,&#xd;
bien por constituir símbolos de la identidad cultural del enemigo, bien por contravenir la&#xd;
ideología de alguno de los contendientes. Un ejemplo claro de esta realidad la encontramos&#xd;
en la cruenta guerra civil que asola Siria desde hace más de cinco años, conflicto calificado&#xd;
como «abiertamente sectario» en varias ocasiones por el propio secretario general de Naciones&#xd;
Unidas. Como resultado de este odio religioso y sectario, importantísimos vestigios arqueológicos de la antigua Mesopotamia han sido destruidos, perdiéndose así una parte irreemplazable del patrimonio cultural de toda la Humanidad.</subfield>
</datafield>
<datafield tag="024" ind2=" " ind1="8">
<subfield code="a">978-84-9091-320-8</subfield>
</datafield>
<datafield tag="024" ind2=" " ind1="8">
<subfield code="a">http://hdl.handle.net/10259/8503</subfield>
</datafield>
<datafield tag="245" ind1="0" ind2="0">
<subfield code="a">La destrucción del patrimonio cultural de la antigua Mesopotamia como crimen de guerra</subfield>
</datafield>
</record></metadata></record></GetRecord></OAI-PMH>